Регионална библиотека "Любен Каравелов" - Русе

Да сме заедно, да си помагаме, да се разбираме (Запис номер 390196)

MARC детайли
000 -Лидер
Контролно поле с фиксирана дължина 01655aam a2200385 a 4500
003 - Код на организацията, давaща контролен номер
Контролно поле BLK
005 - Дата и час на последна редакция
Контролно поле 20250802125128.0
008 - Елементи от данни с фиксирана дължина
fixed length control field 181012b bu ||||| |||| 00| 0 bu d
020 ## - Международен стандартен номер на книга ISBN
Международен стандартен номер на книга ISBN 9786191995622
020 ## - Международен стандартен номер на книга ISBN
Международен стандартен номер на книга ISBN 3800083827542
040 ## - Източник на каталожния запис
Идентификатор на билиотеката - собственик на записа BLK
041 ## - Код за език
Код за езика на текст/звукозапис или на отделно заглавие Български
Код за езика КДБФ Български
080 ## - УДК
Текстов определител УДК Емоции, чувства, преживявания. Емпатия
УДК код - определител по УДК 159.942
УДК определител :087.5
УДК - код + определител 159.942:087.5
100 ## - Редна дума - Автор
Автор Рюбел, Дорис
R(LIN) 1584
Авторска отговорност текст и ил.
139 ## - Редно поле
Редна дума Рюбел, Дорис
Авторски знак Ръс - Р 98
245 ## - Сведения за заглавието
Заглавие Да сме заедно, да си помагаме, да се разбираме
Подзаглавни данни Енциклопедия за най-малките : С повдигащи се капачета на всяка страница
Редно поле (дума) Дорис Рюбел; прев. от нем. Розалина Палазова
260 ## - Област на издателските данни
Място на издаване, разпространение и проч. София
Име на издателя, разпространителя и проч. Фют
Година на издаване 2020
300 ## - Физическа характеристика
Страници 16 см
Илюстрации и др. с цв. ил.
Размери/Мащаб 20 см
380 ## - Жанр
Жанр Детска отраслова лит.
490 ## - СЕРИИ (Колекции)
9 (RLIN) 208015
Име на серия Поредица Защо? Какво? Как?
№: серия 29
500 ## - Общи забележки
Забележка Кор. опис. - Ориг. загл.: Helfen, teilen, sich vertragen / Illustration und Text Doris Rübel. - Кн. отпеч. на ламиниран картон
650 #7 - Допълнително описание по предмет – тема
9 (RLIN) 177703
Основно описание – тема или топоним Чувства
650 #7 - Допълнително описание по предмет – тема
9 (RLIN) 156309
Основно описание – тема или топоним Издания - за деца
700 ## - Други автори (авторска отговорност)
9 (RLIN) 1091
Лично име Палазова, Розалина Борилова
Автороска отговорност (Описва отношението между автора и произведението) прев. от нем.
852 ## - Местоположение
Форматна сигнатура Цб 308593
852 ## - Местоположение
Фондова буква Детски отдел
Систематично-азбучна сигнатура 1/ Р 98 Д
942 ## - АРТИКУЛИ
Вид на библиотечния материал Книги
Източник на класификационната схема Universal Decimal Classification
Скрит в OPAC Не
Koha issues (borrowed), all copies 134
Периодичен библиозапис Да
944 ## - СЪЗДАВАНЕ И РЕДАКЦИЯ на ЗАПИСА
Служител, извършил регистрацията/редакцията 30543
Статус, дата на статуса Ива Цветкова
999 ## - СИСТЕМНИ КОНТРОЛНИ НОМЕРА
Koha biblionumber 390196
Koha biblioitemnumber 390196
999 ## - СИСТЕМНИ КОНТРОЛНИ НОМЕРА
Koha biblioitemnumber 390196
999 ## - СИСТЕМНИ КОНТРОЛНИ НОМЕРА
Koha biblioitemnumber 390196
999 ## - СИСТЕМНИ КОНТРОЛНИ НОМЕРА
Koha biblioitemnumber 390196
999 ## - СИСТЕМНИ КОНТРОЛНИ НОМЕРА
Koha biblioitemnumber 390196
999 ## - СИСТЕМНИ КОНТРОЛНИ НОМЕРА
Koha biblioitemnumber 323062
999 ## - СИСТЕМНИ КОНТРОЛНИ НОМЕРА
Koha biblioitemnumber 323062
Наличности
Код за отписване Код за изгубен артикул Източник на класификационната схема Код за повреда Коз за рестрикции Код за отдаване Артикулен № Име на библиотеката - собственик Име на библиотеката, в която се намира в момента Статус (Текущо местоположение) Дата на вписване в системата Местоположение - отдел Цена в лева Систематично азбучна сигнатура Баркод Цена в евро Служебен тип на артикула
  Не е изгубен Universal Decimal Classification Не е повреден без рестрикции заемане за дома 803770 Регионална библиотека "Любен Каравелов" Русе Регионална библиотека "Любен Каравелов" Русе Детски отдел 2020-10-20 Детски отдел 8.18 1/Р 98 Д 120000849308 4.18 Книги
  Не е изгубен Universal Decimal Classification Не е повреден без рестрикции заемане за дома 803771 Регионална библиотека "Любен Каравелов" Русе Регионална библиотека "Любен Каравелов" Русе Детски отдел 2020-10-20 Детски отдел 8.18 1/Р 98 Д 120000849309 4.18 Книги
  Не е изгубен Universal Decimal Classification Не е повреден само за читалня ползва се в читалня 845983 Регионална библиотека "Любен Каравелов" Русе Регионална библиотека "Любен Каравелов" Русе Хранилище 2021-08-02 Хранилище 10.90 Цб 308593 120000858691 5.57 Книги
  Не е изгубен Universal Decimal Classification Не е повреден без рестрикции заемане за дома 856316 Регионална библиотека "Любен Каравелов" Русе Регионална библиотека "Любен Каравелов" Русе Детски отдел 2021-09-29 Детски отдел 8.18 1/Р 98 Д 120000860010 4.18 Книги
  Не е изгубен Universal Decimal Classification Не е повреден без рестрикции заемане за дома 862066 Регионална библиотека "Любен Каравелов" Русе Регионална библиотека "Любен Каравелов" Русе Детски отдел 2021-11-16 Детски отдел 8.18 1/Р 98 Д 120000862516 4.18 Книги
  Не е изгубен Universal Decimal Classification Не е повреден без рестрикции заемане за дома 862067 Регионална библиотека "Любен Каравелов" Русе Регионална библиотека "Любен Каравелов" Русе Детски отдел 2021-11-16 Детски отдел 8.18 1/Р 98 Д 120000862517 4.18 Книги
Vip Innovations Ltd, Rousse, Bulgaria 2025